000
002470000a22000970004500
100
1
_a
Salem, Luis D.
245
1
0
_a
La cena de Emaús : Lucas 24:28-31
300
_a
Vol. 1, Núm 5 (1989), Páginas 5-6
773
0
_t
Impacto Presbiteriano
942
_c
ANA
999
_c
51124
_d
51124